000 00528nam a2200205Ia 4500
003 OSt
005 20230524132247.0
008 210423s1997 xx 000 0 und d
040 _cAL
041 _aeng
082 _a153.8
_223
_bBATP
100 _aBALTISLA (O A)
_9112384
245 _aPower to influence people
260 _aMumbai
_bBirla Publications
_c1997
365 _b50
_cINR
650 _aMental Process & Intelligence
_9112385
650 _aPsychology
_9112386
906 _ainfluence ; Power
942 _2ddc
_cBK
999 _c172792
_d172792